在空白地图上画出黑龙江所有县级行政区Counties in Heilongjiang with an empty map - Statistics

General Stats
  • This quiz has been taken 82 times
  • The average score is 81 of 121
Answers on the Map
Answers color-coded by a green-red scale on the quiz's map according to % correct below.
 
Answer Stats
地级 县级 % Correct
大兴安岭地区 漠河市
93%
哈尔滨市 道里区
90%
哈尔滨市 道外区
90%
佳木斯市 抚远市
90%
黑河市 嫩江市
90%
黑河市 北安市
86%
哈尔滨市 香坊区
83%
哈尔滨市 阿城区
83%
哈尔滨市 双城区
83%
哈尔滨市 尚志市
83%
哈尔滨市 南岗区
79%
哈尔滨市 呼兰区
79%
哈尔滨市 依兰县
79%
哈尔滨市 木兰县
79%
齐齐哈尔市 富拉尔基区
79%
鸡西市 鸡东县
79%
佳木斯市 同江市
79%
牡丹江市 绥芬河市
79%
黑河市 五大连池市
79%
绥化市 肇东市
79%
绥化市 海伦市
79%
大兴安岭地区 呼玛县
79%
大兴安岭地区 塔河县
79%
哈尔滨市 平房区
76%
哈尔滨市 宾县
76%
哈尔滨市 五常市
76%
齐齐哈尔市 昂昂溪区
76%
齐齐哈尔市 富裕县
76%
齐齐哈尔市 讷河市
76%
鸡西市 虎林市
76%
鸡西市 密山市
76%
大庆市 肇州县
76%
伊春市 铁力市
76%
哈尔滨市 松北区
72%
哈尔滨市 方正县
72%
鸡西市 鸡冠区
72%
大庆市 让胡路区
72%
大庆市 肇源县
72%
佳木斯市 桦南县
72%
黑河市 爱辉区
72%
黑河市 孙吴县
72%
绥化市 安达市
72%
哈尔滨市 巴彦县
69%
齐齐哈尔市 梅里斯达斡尔族区
69%
齐齐哈尔市 龙江县
69%
鸡西市 梨树区
69%
佳木斯市 | 鹤岗市 向阳区
69%
鹤岗市 萝北县
69%
大庆市 林甸县
69%
大庆市 杜尔伯特蒙古族自治县
69%
佳木斯市 富锦市
69%
牡丹江市 海林市
69%
牡丹江市 穆棱市
69%
黑河市 逊克县
69%
齐齐哈尔市 克东县
66%
鹤岗市 工农区
66%
鹤岗市 绥滨县
66%
伊春市 汤旺县
66%
伊春市 大箐山县
66%
牡丹江市 东宁市
66%
哈尔滨市 通河县
62%
哈尔滨市 延寿县
62%
齐齐哈尔市 龙沙区
62%
齐齐哈尔市 建华区
62%
齐齐哈尔市 铁锋区
62%
齐齐哈尔市 碾子山区
62%
齐齐哈尔市 甘南县
62%
齐齐哈尔市 克山县
62%
鹤岗市 南山区
62%
双鸭山市 宝山区
62%
双鸭山市 友谊县
62%
双鸭山市 宝清县
62%
大庆市 萨尔图区
62%
大庆市 龙凤区
62%
伊春市 伊美区
62%
伊春市 友好区
62%
伊春市 嘉荫县
62%
佳木斯市 桦川县
62%
佳木斯市 汤原县
62%
七台河市 勃利县
62%
牡丹江市 东安区
62%
牡丹江市 阳明区
62%
牡丹江市 西安区
62%
牡丹江市 宁安市
62%
绥化市 青冈县
62%
绥化市 庆安县
62%
绥化市 明水县
62%
绥化市 绥棱县
62%
齐齐哈尔市 泰来县
59%
齐齐哈尔市 拜泉县
59%
鸡西市 滴道区
59%
鸡西市 城子河区
59%
双鸭山市 集贤县
59%
双鸭山市 饶河县
59%
大庆市 红岗区
59%
大庆市 大同区
59%
佳木斯市 前进区
59%
佳木斯市 东风区
59%
七台河市 桃山区
59%
七台河市 茄子河区
59%
牡丹江市 林口县
59%
绥化市 北林区
59%
绥化市 望奎县
59%
齐齐哈尔市 依安县
55%
鹤岗市 兴安区
55%
鹤岗市 东山区
55%
鹤岗市 兴山区
55%
双鸭山市 尖山区
55%
伊春市 乌翠区
55%
伊春市 南岔县
55%
伊春市 金林区
55%
佳木斯市 郊区
55%
七台河市 新兴区
55%
牡丹江市 爱民区
55%
绥化市 兰西县
55%
鸡西市 麻山区
52%
双鸭山市 四方台区
52%
伊春市 丰林县
52%
鸡西市 恒山区
48%
双鸭山市 岭东区
48%
No matching quizzes found
Score Distribution
Percent of People with Each Score
Percentile by Number Answered
Your Score History
You have not taken this quiz